Kutatások az emberért Akadémiai szakbizottságok /
Elmentve itt :
| Szerző: | |
|---|---|
| Dokumentumtípus: | Cikk |
| Megjelent: |
1986-11-29
|
| Sorozat: | Délmagyarország
76 No. 281 |
| Kulcsszavak: | Magyar Tudományos Akadémia Szegedi Bizottsága |
| Online Access: | http://dmarchiv.bibl.u-szeged.hu/118613 |
| LEADER | 00510nab a2200157 i 4500 | ||
|---|---|---|---|
| 001 | delm118613 | ||
| 005 | 20190911084048.0 | ||
| 008 | 190911s1986 hu o 0|| hun d | ||
| 040 | |a SZTE Délmagyarország Archívum |b hun | ||
| 041 | |a hun | ||
| 100 | 1 | |a Chikán Ágnes | |
| 245 | 1 | 0 | |a Kutatások az emberért |h [elektronikus dokumentum] : |b Akadémiai szakbizottságok / |c Chikán Ágnes |
| 260 | |c 1986-11-29 | ||
| 300 | |a 5 | ||
| 490 | 0 | |a Délmagyarország |v 76 No. 281 | |
| 695 | |a Magyar Tudományos Akadémia Szegedi Bizottsága | ||